000 00474nam a2200181Ia 4500
001 7865
005 20260306160527.0
008 260306t2019||||xx |||||||||||||| ||spa||
041 _aESP
082 _a363.34
_bY75
100 _aYoshida Yoshizaki, Hugo Tsugunobu
_eAUT
245 0 _aRiscos e desastres:
_bcaminhos para o desenvolvimento sustentável
260 _c2019
300 _a422 páginas :
_c23 cm.
650 _aGEN
654 _aCIA
942 _cLIB
_dJUS
_fJUS
_2ddc
_n
999 _c7865
_d7865